Music Quiz

Random Music Quiz

Hollywood Undead Hear me now(lyrics) Quiz Stats

 Plays Quiz not verified by Sporcle

Also try: Musical Duos
Challenge
Share
Tweet
Embed
Score 0/29 Timer 08:00
0 Plays Today
% Correct
valley of the shadow of death
84.5%
I never seem to find
77.5%
Hear me now?
77.5%
Hear me now
77.5%
because I left it all behind
76.1%
there's no sound
75%
pull the knife out my chest
68.7%
when you're underground
66.9%
How'd you end up all alone?
66.2%
and I always chose wrong
65.1%
until the very last day
64.8%
What road to travel on?
60.9%
to be alive?
57.7%
but a man of few deeds
56.3%
keep pretending to be?
56%
% Correct
and that'll never change
55.6%
never seen the light?
55.6%
a man with no home
55.6%
taking the best of me
54.6%
and it's now you see
50.7%
if I live on my knees
50.7%
been walking my whole life
48.9%
could mean something to me
47.2%
so absent of hope
47.2%
you know it's darker than last night
44.7%
sacrifice gone by
44%
in a world with no sunlight
40.5%
but we live with the shame
38%
then we're walking away
19.4%

You're not logged in!

Compare scores with friends on all Sporcle quizzes.
Join for Free
OR
Log In

You Might Also Like...

Show Comments

Extras

Created Apr 12, 2012ReportNominate
Tags:hear, Hollywood Undead

Top Quizzes Today


Score Distribution

Your Account Isn't Verified!

In order to create a playlist on Sporcle, you need to verify the email address you used during registration. Go to your Sporcle Settings to finish the process.

Report this User

Report this user for behavior that violates our Community Guidelines.

Details: